| 000 | 00436nam a2200157 i 4500 | ||
|---|---|---|---|
| 001 | 90167 | ||
| 003 | ES-MaACL | ||
| 005 | 20230906180352.0 | ||
| 007 | t| | ||
| 008 | 050119s1911 fr ||||1| fre d | ||
| 100 | 1 |
_aLe Dantec, Félix. _970865 |
|
| 245 | 1 | 2 |
_aL'egoisme seule base de toute societé / _cFélix Le Dantec. |
| 260 |
_aParis : _bFlammarion, _c1911 ( _fHemmerlé) |
||
| 300 |
_a327 p. ; _c19 cm. |
||
| 852 |
_aES-MaACL _jF-6130 |
||
| 999 |
_c90167 _d90167 |
||